| 000 | 00695nam a2200217 4500 | ||
|---|---|---|---|
| 999 |
_c8298 _d8298 |
||
| 001 | 21755 | ||
| 003 | BD-DhUAP | ||
| 005 | 20230606122215.0 | ||
| 008 | 230528b20072012uk a|||| |||| 001 0aeng d | ||
| 020 | _a9781405853118 | ||
| 040 |
_aBD-DhUAP _bENG _cBD-DhUAP _dBD-DhUAP |
||
| 082 |
_220 _a428.24071 HAR |
||
| 100 | _aHarmer, Jeremy | ||
| 245 |
_aThe Practice of English Language Teaching / _cJeremy Harmer. |
||
| 250 | _a4th ed. | ||
| 260 |
_aNew Delhi ; _bPearson Longman, _c2012. |
||
| 300 |
_a448 p. _b ill. ; _c24 cm. |
||
| 504 | _aIncludes bibliographical references (p. 285-288) and index With DVD | ||
| 650 |
_aEnglish language _xStudy and teaching _xForeign speakers. |
||
| 942 |
_2ddc _cBK |
||